| 000 | 00545nam a2200205 a 4500 | ||
|---|---|---|---|
| 001 | BRL_565 | ||
| 005 | 20190320210813.0 | ||
| 008 | 030913s1927----nyua######---#000-1#eng-# | ||
| 041 | _aeng | ||
| 044 | _anyu | ||
| 050 | 4 |
_aPZ7.D644 _b.D59 1927 |
|
| 100 | 1 |
_aDixon, Franklin W _924305 |
|
| 245 | 1 | 0 |
_aThe Secret of the Old Mill _cby Franklyn W. Dixon. |
| 260 |
_aNew York _bGrosset & Dunlap _c1927 |
||
| 300 |
_aiv, 212 p. _bil. _c19 cm. |
||
| 500 | _aAu642 | ||
| 650 | 1 | 4 |
_aLiteratura canadiense _xNovela _924306 |
| 902 | _aGRL | ||
| 942 |
_2lcc _cB |
||
| 999 |
_c9377 _d9377 |
||